Bridging India inc’s credit gap (Record no. 520139)

000 -LEADER
fixed length control field 01143nam a22001457a 4500
008 - FIXED-LENGTH DATA ELEMENTS--GENERAL INFORMATION
fixed length control field 220704b ||||| |||| 00| 0 eng d
100 ## - MAIN ENTRY--PERSONAL NAME
Personal name Mishra, Avinash and Anand, Priyanak
245 ## - TITLE STATEMENT
Title Bridging India inc’s credit gap
260 ## - PUBLICATION, DISTRIBUTION, ETC. (IMPRINT)
Place of publication, distribution, etc Yojana
300 ## - PHYSICAL DESCRIPTION
Extent 66(3), Mar, 2022: p.29-32
520 ## - SUMMARY, ETC.
Summary, etc The Indian financial markets has grown substantially over the years in terms of trading volumes, market capitalization, turnover, and number of listed stock. The phenomenal growth can be attributed to number of reforms introduced in the 1990s, such as establishment of the capital markets regulator, anonymous electronic trading system, cleaning corporation for efficient risk management, derivatives trading, and setting up of depositories. These have enhanced transparency and efficiency in financial markets and led to significant decline in transaction costs. A diversified pool o financial instrument has also broadened investors’ base and helped corporate mobiles capital for large-scale investments employment generation in the country. – Reproduced
773 ## - HOST ITEM ENTRY
Main entry heading Yojana
906 ## - LOCAL DATA ELEMENT F, LDF (RLIN)
Subject DIP FINANCIAL MARKETS
942 ## - ADDED ENTRY ELEMENTS (KOHA)
Item type Articles
Holdings
Withdrawn status Lost status Source of classification or shelving scheme Damaged status Not for loan Permanent location Current location Date acquired Serial Enumeration / chronology Barcode Date last seen Koha item type
          Indian Institute of Public Administration Indian Institute of Public Administration 2022-07-04 66(3), Mar, 2022: p.29-32 AR126803. 2022-07-04 Articles

Powered by Koha